[Event "Anapa Sea Harbor Cup Rapid"]
[Site "Anapa"]
[Date "2021.06.11"]
[Round "2"]
[White "Iljiushenok, Ilia"]
[Black "Ponomariov, Evgeniy"]
[Result "1/2-1/2"]
[WhiteElo "2530"]
[BlackElo "1806"]
[PlyCount "71"]
[EventDate "2021.06.11"]
[EventType "swiss (rapid)"]
[EventRounds "9"]
[EventCountry "RUS"]
[SourceTitle "CBM 202 Extra"]
[Source "ChessBase"]
[SourceDate "2021.07.31"]
[SourceVersion "1"]
[SourceVersionDate "2021.07.31"]
[SourceQuality "1"]

1. d4 d5 2. Bf4 Bf5 3. e3 Nf6 4. Bd3 Bg6 5. Nf3 e6 6. Ne5 Bd6 7. Nd2 Nh5 8. Nxg6 hxg6 9. Bxd6 Qxd6 10. c3 Nd7 11. Qe2 c6 12. f4 Ng3 13. hxg3 Rxh1+ 14. Nf1 c5 15. 0-0-0 c4 16. Bc2 b5 17. e4 0-0-0 18. Ne3 Rxd1+ 19. Qxd1 Nb6 20. Qf3 a5 21. g4 b4 22. Kd2 a4 23. Nd1 b3 24. Bb1 a3 25. e5 Qe7 26. Qf1 axb2 27. axb3 Qa3 28. b4 Kb7 29. f5 gxf5 30. gxf5 Rd7 31. Qf4 Qa1 32. Kc2 Qa4+ 33. Kd2 Qa1 34. Kc2 Qa4+ 35. Kd2 Qa1 36. Qf3 1/2-1/2